000 00543nam a2200193 i 4500
001 68880
003 ES-MaACL
005 20230906170402.0
007 t|
008 040715s2000 sp ||||1| spa d
080 _a820(73)-31"19"
100 1 _aDexter, Pete.
_944052
245 1 3 _aEl chico del periódico /
_cPete Dexter ; traducción de Javier Calzada.
250 _a[2ª ed.].
260 _aBarcelona :
_bAnagrama,
_c[2000]
300 _a313 p. ;
_c22 cm.
700 1 _aCalzada, Javier.
_933939
852 _aES-MaACL
_jL-28088
_bR.134073
999 _c68880
_d68880